Normal view
MARC view
- Ishrat Azim Ahmad, Md. Ershadul Karim
Entry Personal Name
001 - CONTROL NUMBER
- control field: 4587
003 - CONTROL NUMBER IDENTIFIER
- control field: OSt
005 - DATE AND TIME OF LATEST TRANSACTION
- control field: 20220530005048.0
008 - FIXED-LENGTH DATA ELEMENTS
- fixed length control field: 220530|| aca||aabn | a|a d
040 ## - CATALOGING SOURCE
- Original cataloging agency: OSt
- Transcribing agency: OSt
100 ## - HEADING--PERSONAL NAME
- Personal name: Ishrat Azim Ahmad, Md. Ershadul Karim
670 ## - SOURCE DATA FOUND
- Source citation: Work cat.: (OSt)3774: Ahamad, Ishrat Azim 4586, Principles of Civil Litigation : Bangladesh Perspective/ , c2006
